Prefeitos de São Paulo - Statistics

Estatísticas Gerais
  • Esse quiz foi jogado 164 vezes
  • A pontuação média é 9 de 11
Estatísticas das Respostas
Eleição Prefeito Eleito % Correto
2020 Bruno Covas
96%
2024 Ricardo Nunes
96%
2016 João Doria
92%
2012 Fernando Haddad
91%
2000 Marta Suplicy
89%
1988 Luiza Erundina
87%
2004 José Serra
85%
1992 Paulo Maluf
82%
2008 Gilberto Kassab
79%
1996 Celso Pitta
78%
1985 Jânio Quadros
72%
Nenhum quiz correspondente encontrado
Distribuição das Pontuações
Porcentagem de Pessoas com Cada Pontuação
Percentil de Números Respondidos
Sua Pontuação Histórica
Você não jogou esse quiz